000 00198 a2200097 4500
020 _a9781595668134
041 _aspa
100 _aCamilla de la Bedoyare
245 _aDe renacuajo a Rana
942 _cK
999 _c26161
_d26161